005410000a220015700045000410008000000820022000081000042000302450062000722600032001343000012001666500053001780010006002319420007002379520122002449990017003660 aSPA04aG 980.02092 B677b1 aBohórquez Casallas, Luis A. (1914-)10aBreve biografía de Bolivar / Luis A. Bohorquez Casallas aBogotá, Colombia : Margal a196 Pag14aHISTORIA DE AMERICA DEL SUR \ BOLIVIA - HISTORIA10609 cBK 001040708GENaFUSBCbFUSBCd2005-01-24l0oG 980.02092 B677b p13692r2019-12-12 00:00:00t1w2016-01-26yBKB0C3 c40114d40114